| 000 | 00708 a2200217 4500 | ||
|---|---|---|---|
| 999 |
_c1593 _d1593 |
||
| 020 | _a0023600004 | ||
| 050 | 0 | 0 | _aHD9940.JAR 1987 |
| 100 | 1 |
_aJarnow, Jeannette A. _eauthor |
|
| 245 | 1 | 0 |
_aInside the fashion business : _btext and readings / _cJeannette A. Jarnow, Miriam Guerreiro, Beatrice Judelle. |
| 250 | _a4th ed. | ||
| 264 |
_aNew York _bMacmillan Publishing Company _c1987 |
||
| 300 |
_axvii, 525 p. : _bill. ; |
||
| 500 | _aIncludes index | ||
| 504 | _aIncludes bibliographies references | ||
| 650 | 0 | _aFashion merchandising | |
| 650 | 0 | _aClothing trade | |
| 651 | _aUnited States | ||
| 700 | 1 | _aGuerreiro, Miriam. | |
| 700 | 1 |
_aJudelle, Beatrice, _d1908- |
|
| 942 |
_2lcc _cBK _e4th _h9940 _iJAR _kHD |
||